Tablice rejestracyjne w woj. zach.-pomorskim wg kodu - Statystyki

Ogólne statystyki
  • Ten quiz został rozwiązany 26 razy
  • Średni wynik to 16 z 21
Statystyki odpowiedzi
Kod Powiat / Miasto % Poprawnych
ZS miasto Szczecin
95%
ZKL p. kołobrzeski (Kołobrzeg)
89%
ZSW miasto Świnoujście
84%
ZBI p. białogardzki (Białogard)
84%
ZDR p. drawski (Drawsko Pomorskie)
84%
ZK miasto Koszalin
79%
ZGY p. gryficki (Gryfice)
79%
ZKO p. koszaliński (Koszalin)
79%
ZPL p. policki (Police)
79%
ZPY p. pyrzycki (Pyrzyce)
79%
ZSZ p. szczecinecki (Szczecinek)
79%
ZGL p. goleniowski (Goleniów)
74%
ZGR p. gryfiński (Gryfino)
74%
ZKA p. kamieński (Kamień Pomorski)
74%
ZLO p. łobeski (Łobez)
74%
ZST p. stargardzki (Stargard)
74%
ZCH p. choszczeński (Choszczno)
68%
ZMY p. myśliborski (Myślibórz)
68%
ZSL p. sławieński (Sławno)
68%
ZWA p. wałecki (Wałcz)
68%
ZSD p. świdwiński (Świdwin)
58%
Nie znaleziono quizów pasujących do podanych kryteriów
Rozkład punktacji
Procent ludzi z każdym wynikiem
Percentyl według liczby udzielonych odpowiedzi
Twoja historia wyników
Nie rozwiązałeś tego quizu